| 000 | 00391cam a2200157ua 4500 | ||
|---|---|---|---|
| 041 |
_ahin _h |
||
| 082 |
_a891.54 _bVIT/HI |
||
| 100 | _aVimal Kumar, Jain . | ||
| 245 |
_aHindi Ke Avarchin Ratna / _cVimal Kumar Jain. _hTextual Documents |
||
| 250 |
_a1 / _b. |
||
| 260 |
_a : _bNational Publishing House , _c1956. |
||
| 300 | _a304 ; . | ||
| 504 | _a | ||
| 942 | _cBK | ||
| 999 |
_c3727 _d3727 |
||